Poder y utopía. Parte 2: los proyectos políticos hoy en América Latina /
Furkejuvvon:
| Váldodahkki: | |
|---|---|
| Searvvušdahkki: | |
| Materiálatiipa: | Konfereansapublikašuvdna |
| Fáddágilkorat: |
Lasit fáddágilkoriid
Eai fáddágilkorat, Lasit vuosttaš fáddágilkora!
|
MARC
| LEADER | 00000 a a2200000 04500 | ||
|---|---|---|---|
| 001 | 45043 | ||
| 003 | |||
| 040 | |||
| 100 | |a Poitevin, René | ||
| 111 | |a Encuentro de científicos sociales y teólogos sobre el tema " El discernimiento de las utopías", 2 | ||
| 245 | |a Poder y utopía. Parte 2: los proyectos políticos hoy en América Latina / |c René Poitevin | ||
| 773 | |g páginas 153-170 | ||
| 999 | |c 20078 |d 20078 | ||
